[Event "San Francisco TNM Spring op"]
[Site "San Francisco"]
[Date "2015.03.24"]
[Round "2"]
[White "Andries, Craig"]
[Black "Ho, Stephen R"]
[Result "1-0"]
[WhiteElo "1935"]
[BlackElo "1636"]
[PlyCount "49"]
[EventDate "2015.03.17"]
[EventType "swiss"]
[EventRounds "8"]
[EventCountry "USA"]
[SourceTitle "EXT 2016"]
[Source "ChessBase"]
[SourceDate "2015.10.08"]
[SourceVersion "1"]
[SourceVersionDate "2015.10.08"]
[SourceQuality "1"]

1. e4 Nf6 2. d3 e5 3. Nd2 Bc5 4. h3 d5 5. Ngf3 Nc6 6. c3 Be6 7. Be2 h6 8. b4 Bb6 9. b5 dxe4 10. dxe4 Qd6 11. bxc6 Qc5 12. 0-0 Qxc3 13. cxb7 Rd8 14. Rb1 0-0 15. Bb2 Qa5 16. Qc2 Nd7 17. a4 Qc5 18. Qxc5 Nxc5 19. Ba3 Nxb7 20. Bxf8 Kxf8 21. Nc4 f6 22. Rfd1 Bd7 23. a5 Nxa5 24. Nxa5 Bxa5 25. Nh4 1-0

[Event "San Francisco TNM Winter op"]
[Site "San Francisco"]
[Date "2015.01.27"]
[Round "4"]
[White "Ho, Stephen R"]
[Black "Donaldson, John W"]
[Result "0-1"]
[WhiteElo "1636"]
[BlackElo "2411"]
[PlyCount "32"]
[EventDate "2015.01.06"]
[EventType "swiss"]
[EventRounds "8"]
[EventCountry "USA"]
[SourceTitle "EXT 2016"]
[Source "ChessBase"]
[SourceDate "2015.10.08"]
[SourceVersion "1"]
[SourceVersionDate "2015.10.08"]
[SourceQuality "1"]

1. d4 Nf6 2. Bg5 Ne4 3. Bh4 d5 4. f3 Nf6 5. Bxf6 exf6 6. e4 c6 7. Nh3 Bxh3 8. gxh3 f5 9. exd5 Qh4+ 10. Ke2 cxd5 11. Nc3 Nc6 12. Nb5 0-0-0 13. c3 a6 14. Na3 Bxa3 15. bxa3 Rhe8+ 16. Kd3 Qf2 0-1